000
00220nam a2200097Ia 4500
008
240331s9999 xx 000 0 und d
082
_a
303.6
_b
DES
100
_a
De Silva, K.M.
245
0
_a
Reaping the whirlwind
942
_c
L
999
_c
1254
_d
1254